000
00269nam a2200097Ia 4500
008
220204s9999 xx 000 0 und d
082
_a
371.048(03)
_b
ENC
245
0
_a
Encyclopedia of careers and vocational guidance. 2 V
260
_a
USA
_b
Ferguson Pub
_c
1972
942
_c
BK
999
_c
28119
_d
28119